Представление документа в формате MARC21

Поле Инд. ПП Название Значение
Тип записи a
Библиографический уровень b
001 Контрольный номер RU/IS/BASE/261250336
005 Дата корректировки 20200526074541.6
008 Кодируемые данные 20080411
040 b Код языка каталог. rus
e Правила каталог. PSBO
041 0_ a Код языка текста rus
084 a Индекс другой классификации/Индекс ББК 39.63г(5Кит); 39.64г(5Кит)
100 1_ a Автор Ладыгин А. И.
q Полное имя Ладыгин Анатолий Иванович
245 10 a Заглавие Китайские космические загадки и сюрпризы
504 a Библиография Лит.
650 a Основная рубрика космонавтика
a Основная рубрика техника
653 1_ a Ключевые слова XX век
a Ключевые слова искусственные спутники Земли (ИСЗ)
a Ключевые слова история техники
a Ключевые слова Китай
a Ключевые слова космическая техника
a Ключевые слова космические исследования
a Ключевые слова ракетно-космическая техника
a Ключевые слова ракеты-носители
773 08 t Заглавие источника Высшее образование сегодня
d Дата издания источника 2007
g Прочая информация № 8. - С. 24 - 28 : рис.
w Контрольный № источника RU/IS/BASE/214494051
901 t Тип документа b